02097nam a2200277 a 4500001001000000005001700010008004100027041000800068044000700076084002300083100005900106245015100165260001900316300002500335500004900360500022200409500004700631500002800678500068800706500011301394506009201507546005101599600005901650650008701709700002301796BRCA_517320190320204954.0241110s1772----mx-######v---#000-0#spa-# aspa amx aDOC124b.B83c17721 aBucareli y Ursúa, Antonio MaríacVirreyd1717-177910aDocumento firmado por el Virrey Don Antonio María Bucareli y Ursúa y Joseph de GarraezcAntonio María Bucareli y Ursúa, Joseph de Garraez. aMéxicoc1772 a[1] fojac31 x 42 cm aDocumento firmado el 15 de diciembre de 1772 aBando original dado y firmado por el Virrey Don Antonio María Bucareli y Ursúa en México, en el que prohibe en forma definitiva el comercio del ´chinguirito´ imponiendo severos castigos para sus contraventores aEl documento contiene la leyenda DOC. #292 aPapel con marca de agua aAl margen sellos con escudo español e inscripción: SELLO QUARTO UN CUARTILLO, AÑOS DE MIL SETECIENTOS Y SETENTA Y SETENTA Y UNO. -- ESCUDO DE LAROLUS III DGM AÑOS 1772. REY DE ESPAÑA. -- lEYENDA: FREY DON ANTONIO MARÍA BUCARELI Y URSÚA, HENESTROSA LAFO DE LA VEGA, VILLACIS Y CORDOVA, Caballero comendador de la bobeda. -- Toro en el Orden de San Juan, Teniente General de los Reales Ejércitos de su Virrey Governador y Capitán General de esta Nueva España, Presidente de su Real Audiencia Superintendente General de la Real Hacienda y Ramo de Tabaco, Juez conservador de este, presidente de su Junta y Subdelegado General de la Renta de Correos en el mismo Reyno aEstado de conservación: contiene manchas de acidificación, roturas y dobleces, tiene lagunas por polilla0 aFondo reservado: para su consulta es necesario credencial de usuario y carta de motivos aTexto en: español de finales del siglo XVIII14aBucareli y Ursúa, Antonio MaríacVirreyd1717-177914aDocumentos legalesvImpreso con rúbricasxHistoriayColonia, 1521-1821zMéxico1 aGarraez, Joseph de